000 00571nam a2200145Ia 4500
041 _aArabic
082 _a956,301 cut-39 م
100 _a20260118u\\\\\\\\\\\y0engy0103\\\\ba
100 _aصديق عثمان محو
245 0 _aالعامل الخارجي ودوره في اخماد الانتفاضات الكوردية دور بريطانيا في اخماد انتفاضتي بارزان الاولى والثانية ١٩٣١ - ١٩٤٥ نموذجا
250 _aط1
260 _bمطبعة الثقافة
_aاربيل
_c2009
300 _a217
942 _cBk
999 _c187707
_d187707